000 00550nam a2200181 4500
003 SEACOMMC
005 20250502113209.0
008 250205b |||||||| |||| 00| 0 eng d
020 _a978-81-272-4150-6
_cRs.120.00
040 _aSEACOMMC
082 _a005.5068
_bS 617
100 _aSingh,Rachhpal
245 1 _aA Text Book of Computer Applications-II for BBA 2nd Semester ,WBUT /
_cRachhpal Singh[ and] Gurvinder Singh
250 _a2nd ed.
260 _a Kolkata
_b Kalyani Publishers
_c 2007
650 _a Information Technology
942 _cBOOK
999 _c1054
_d1054